• 首页
  • 本馆介绍
  • 公告通知
  • 最新文献
  • 馆藏检索
  • 电子资源
  • 读者导购
  • 参考咨询
  • 我的图书馆
  • 登录
  • 详细信息显示
  • 放入我的书架
  • 预约/预借图书
  • 作者相关作品
  • 分类相关作品
  • 丛书相关作品
  • 出版社相关作品

书目信息

  • 表格格式
  • 工作单格式
  • 卡片格式
题名:
秘密使命
    
 
作者: 沃尔特斯 著 ;尤勰 , 朱州 , 胡晓 译
分册:  
出版信息: 北京   世界知识出版社  1980.07
页数: 221页
开本: 19cm
丛书名:
单 册:
中图分类: D771.236
科图分类:
主题词: 情报机构--美国 , 情报机构--活动--美国
电子资源:
ISBN:
000 00734nam0 2200253 45
001 0403291533
005 20050627161947.2
010    @dCNY0.76
091    @a3003.1607
100    @a20040329d1980 km y0chiy0120 ea
101 0  @achi
105    @a z 000yy
200 1  @a秘密使命@AMi Mi Shi Ming@f(美)弗农·阿·沃尔特斯著@F(Mei)Fu Nong·A·Wo Er Te Si Zhu@g尤勰,朱州,胡晓译
210    @a北京@c世界知识出版社@d1980.07
215    @a221页@c照片@d19cm
606 0  @a情报机构@y美国
606 0  @a情报机构@x活动@y美国
690    @aD771.236@v3
701  0 @a沃尔特斯@4著
702  0 @a尤勰@AYou Xie@4译
702  0 @a朱州@AZhu Zhou@4译
702  0 @a胡晓@AHu Xiao@4译
801    @aCN@bTSTC@c20040329
905    @dD771.236@e121@f1@b178027
    
    秘密使命/(美)弗农·阿·沃尔特斯著/尤勰,朱州,胡晓译.-北京:世界知识出版社,1980.07
    221页:照片;19cm
    
    
    ISBN :CNY0.76
    
●
相关链接 在E读中查询图书 在五车中查询图书 在当当中查询图书 在豆瓣中查询图书


正题名:秘密使命     索取号:D771.236/121         预约/预借

序号 登录号 条形码 馆藏地/架位号 状态 备注
1 0033698   001910659   密集书库/ [索取号:D771.236/121] 在馆    
2 0033699   001013147   密集书库/ [索取号:D771.236/121] 在馆    
3 0033700   001013129   密集书库/ [索取号:D771.236/121] 在馆    
4 0033701   001910677   密集书库/ [索取号:D771.236/121] 在馆    
5 0033702   001013209   密集书库/ [索取号:D771.236/121] 在馆    
6 0033703   001013218   密集书库/ [索取号:D771.236/121] 在馆    
7 0033704   202372440   密集书库/ [索取号:D771.236/121] 在馆    
8 0033705   001013227   第一借阅区/ [索取号:D771.236/121] 在馆    
9 0033706   001910720   密集书库/ [索取号:D771.236/121] 在馆    
10 0033707   001013236   密集书库/ [索取号:D771.236/121] 在馆    
11 0054383   001013174   密集书库/ [索取号:D771.236/121] 在馆    
12 0054384   001013183   密集书库/ [索取号:D771.236/121] 在馆    
13 0054385   001910695   密集书库/ [索取号:D771.236/121] 在馆    
14 0054386   001013138   密集书库/ [索取号:D771.236/121] 在馆    
15 0054387   001013192   密集书库/ [索取号:D771.236/121] 在馆    
16 0178026   001013156   密集书库/ [索取号:D771.236/121] 在馆    
唐山师范学院图书馆 欢迎您!
大连网信软件有限公司© 版权所有